Miasta Europy powyżej 500 tysięcy mieszkańców - Statystyki

Ogólne statystyki
  • Ten quiz został rozwiązany 324 razy
  • Średni wynik to 59 z 91
Statystyki odpowiedzi
Liczba mieszkańców Kraj Miasto % Poprawnych
12 655 050 RU Moskwa
98%
3 669 491 DE Berlin
97%
8 825 001 GB Londyn
97%
1 792 718 PL Warszawa
97%
2 165 423 FR Paryż
96%
2 860 009 IT Rzym
96%
2 967 360 UA Kijów
95%
3 266 126 ES Madryt
95%
15 840 900 TR Stambuł
94%
1 620 809 ES Barcelona
93%
1 723 836 HU Budapeszt
93%
5 398 064 RU Petersburg
93%
2 155 240 RO Bukareszt
92%
780 981 PL Kraków
92%
1 324 277 CZ Praga
92%
1 371 498 IT Mediolan
90%
1 484 226 DE Monachium
90%
1 714 142 AT Wiedeń
90%
2 020 600 BY Mińsk
89%
643 782 PL Wrocław
88%
872 779 NL Amsterdam
87%
1 847 253 DE Hamburg
86%
677 286 PL Łódź
86%
925 242 NO Oslo
86%
967 068 IT Neapol
85%
623 135 FI Helsinki
83%
724 314 UA Lwów
83%
1 221 785 BG Sofia
83%
1 372 565 SE Sztokholm
83%
1 443 207 UA Charków
82%
533 830 PL Poznań
82%
602 481 DK Kopenhaga
81%
664 046 GR Ateny
80%
527 930 LT Wilno
80%
658 640 LV Ryga
79%
504 718 PT Lizbona
78%
870 731 FR Marsylia
78%
545 501 GB Manchester
77%
847 287 IT Turyn
76%
769 944 HR Zagrzeb
76%
1 018 669 UA Odessa
75%
651 376 NL Rotterdam
75%
1 137 123 GB Birmingham
74%
527 612 IE Dublin
74%
1 087 863 DE Kolonia
74%
522 969 FR Lyon
74%
588 250 DE Dortmund
73%
908 456 UA Donieck
70%
684 234 ES Sewilla
69%
621 020 GB Glasgow
68%
801 545 ES Walencja
64%
545 163 NL Haga
63%
671 800 MD Kiszyniów
63%
513 210 GB Edynburg
62%
593 145 DE Lipsk
62%
657 651 IT Palermo
62%
556 780 DE Drezno
58%
1 257 391 RU Kazań
56%
635 911 DE Stuttgart
55%
523 248 BE Antwerpia
53%
990 724 UA Dniepr
53%
621 877 DE Dusseldorf
53%
574 654 ES Malaga
51%
567 559 DE Brema
50%
1 252 236 RU Niżny Nowogród
49%
784 846 GB Leeds
48%
518 370 DE Norymberga
47%
1 008 998 RU Wołgograd
46%
763 380 DE Frankfurt nad Menem
45%
580 097 IT Genua
43%
536 925 DE Hanower
43%
582 760 DE Essen
42%
1 137 904 RU Rostów nad Donem
42%
675 301 ES Saragossa
42%
549 839 SE Goteborg
41%
731 922 UA Zaporoże
41%
932 629 RU Krasnodar
40%
1 128 787 RU Ufa
40%
1 156 659 RU Samara
37%
1 055 397 RU Perm
36%
577 789 GB Sheffield
31%
1 058 261 RU Woroneż
31%
510 300 BY Homel
30%
838 042 RU Saratów
22%
608 353 RU Jarosław
20%
603 518 RU Machaczkała
12%
539 290 RU Riazań
11%
627 705 RU Uljanowsk
10%
648 146 RU Iżewsk
9%
699 429 RU Togliatti
9%
572 188 RU Orenburg
7%
Nie znaleziono quizów pasujących do podanych kryteriów
Rozkład punktacji
Procent ludzi z każdym wynikiem
Percentyl według liczby udzielonych odpowiedzi
Twoja historia wyników
Nie rozwiązałeś tego quizu